| 000 | 01256nam0a22003251 4500 | ||
|---|---|---|---|
| 001 | RU\NLR\INFOCOMM_161\5000049753 | ||
| 005 | 20250613092031.0 | ||
| 035 | _a(NLR Aleph) 009139407 | ||
| 090 |
_a8326487 _c8326487 |
||
| 100 | _a20090929d1968 |||y0rusy50 ca | ||
| 101 | 0 | _aeng | |
| 102 | _aRU | ||
| 105 | _aa ||||000|y | ||
| 200 | 1 |
_aMechanization and automatization of raw material sampling and sample preparation _fIng. Milan Bolek ... ing. František Siostrzonek, ing. Jaroslav Helekal ... _gVIII International mineral processing congress. Leningrad. 1968 |
|
| 210 |
_a[L. _d[1968] |
||
| 215 |
_a8 с. _cил. _d29 см |
||
| 300 | _aБез тит. л. и обл. | ||
| 320 | _aБиблиогр.: с. 8 | ||
| 606 |
_aОпробование (горн. дело) _xМеханизация _2nlr_sh1 |
||
| 606 |
_aОпробование (горн. дело) _xАвтоматизация _2nlr_sh1 |
||
| 686 |
_aТ9-872 _2rubbk |
||
| 700 | 1 |
_aBolek _bM. _gMilan _4070 |
|
| 701 | 1 |
_aSiostrzonek _bF. _gFrantišek _4070 |
|
| 701 | 1 |
_aHelekal _bJ. _gJaroslav _4070 |
|
| 712 | 1 | 2 |
_aInternational mineral dressing congress _d8 _eLeningrad _f1968 _4000 |
| 801 | 1 |
_aRU _bNLR _c20090929 |
|
| 801 | 0 |
_aRU _bNLR _gPSBO |
|
| 852 |
_aNLR _jТ27 Д-8/11 |
||
| 942 | _cBOOK | ||
| 980 | _aNB | ||